'n Feesbundel / (Record no. 1068)

MARC details
000 -LEADER
fixed length control field 00530nam a22001817a 4500
005 - DATE AND TIME OF INPUT
control field 20231130062350.0
008 - DATA ELEMENTS--GENERAL INFORMATION
fixed length control field 231130b |||||||| |||| 00| 0 eng d
020 ## - INTERNATIONAL STANDARD BOOK NUMBER
International Standard Book Number 0409029327
041 ## - LANGUAGE CODE
Language code of text Afrikaans
082 ## - SHELF NUMBER
DDC number 340.02 JCN
100 ## - MAIN AUTHOR
Main author's name Noster, JC
Language of a work Afrikaans
245 ## - TITLE STATEMENT
Title 'n Feesbundel /
Statement of responsibility, etc. JC Noster
250 ## - EDITION STATEMENT
Edition statement Eerste Uitgawe
260 ## - PUBLICATION, DISTRIBUTION, ETC.
Place of publication, distribution, etc. Durban :
Name of publisher, distributor, etc. Butterworth en Kie. Edms Bpk,
Date of publication, distribution, etc. 1979
300 ## - PHYSICAL DESCRIPTION
Other physical details x, 182 pages ;
Dimensions 26 cm.
650 ## - SUBJECT`
Broad subject Legal practice
Own subject terms Law
942 ## - ADDED ENTRY ELEMENTS (KOHA)
Item type Books
942 ## - ADDED ENTRY ELEMENTS (KOHA)
-- ALISON_BN_VRIES
Holdings
Source of classification or shelving scheme Not for loan Collection code Home library Current library Shelving location Date acquired Full call number Barcode Price effective from Koha item type
Dewey Decimal Classification   TEXT BOOKS LAW SOCIETY OF NAMIBIA LIBRARY - WINDHOEK LAW SOCIETY OF NAMIBIA LIBRARY - WINDHOEK General Shelf 11/30/2023 340.02 JCN LSN/1987/144 11/30/2023 Books